The British smut fungi (Ustilaginales) / (Record no. 73032)
[ view plain ]
| 000 -LEADER | |
|---|---|
| fixed length control field | 00752nam a2200229 a 4500 |
| 001 - CONTROL NUMBER | |
| control field | 73032 |
| 003 - CONTROL NUMBER IDENTIFIER | |
| rucl marc code | BD-RjUL |
| 005 - DATE AND TIME OF LATEST TRANSACTION | |
| control field | 20211209082336.0 |
| 008 - FIXED-LENGTH DATA ELEMENTS--GENERAL INFORMATION | |
| fixed length control field | 170527s1950 enka b 001 0 eng d |
| 035 ## - SYSTEM CONTROL NUMBER | |
| System control number | (BD-RjUL)73250 |
| 040 ## - CATALOGING SOURCE | |
| Original cataloging agency | BD-RjUL |
| Language of cataloging | eng |
| Transcribing agency | BD-RjUL |
| Modifying agency | BD-RjUL |
| 041 ## - LANGUAGE CODE | |
| Language code of text/sound track or separate title | eng |
| 082 ## - DEWEY DECIMAL CLASSIFICATION NUMBER | |
| Edition number | 23 |
| Classification number | 579.593 |
| Author mark and year | AIB 1950 |
| 100 1# - MAIN ENTRY--PERSONAL NAME | |
| Personal name | Ainsworth, G. C. |
| Fuller form of name | (Geoffrey Clough), |
| Dates associated with a name | 1905-1998. |
| 9 (RLIN) | 216002 |
| 245 14 - TITLE STATEMENT | |
| Title | The British smut fungi (Ustilaginales) / |
| Statement of responsibility, etc. | by G.C. Ainsworth and Kathleen Sampson |
| 260 ## - PUBLICATION, DISTRIBUTION, ETC. (IMPRINT) | |
| Place of publication, distribution, etc. | Kew : |
| Name of publisher, distributor, etc. | Commonwealth Mycological Institute, |
| Date of publication, distribution, etc. | 1950 |
| 300 ## - PHYSICAL DESCRIPTION | |
| Pagination | 137 p. : |
| Illustrations | ill. ; |
| Size | 26 cm |
| 504 ## - BIBLIOGRAPHY, ETC. NOTE | |
| Bibliography, etc | Includes index and bibliography |
| 650 #0 - SUBJECT ADDED ENTRY--TOPICAL TERM | |
| Topical term or geographic name as entry element | Smut fungi (Ustilaginales) |
| 9 (RLIN) | 216003 |
| 700 1# - ADDED ENTRY--PERSONAL NAME | |
| Personal name | Sampson, Kathleen. |
| 942 ## - ADDED ENTRY ELEMENTS (KOHA) | |
| Source of classification or shelving scheme | Dewey Decimal Classification |
| Koha item type | Books |
| Lost status | Source of classification or shelving scheme | Damaged status | Not for loan | Collection code | Permanent Location | Current Location | Shelving location | Date acquired | Source of acquisition | Cost, normal purchase price | Total Checkouts | Full call number | Date last seen | Copy number | Koha item type |
|---|---|---|---|---|---|---|---|---|---|---|---|---|---|---|---|
| Dewey Decimal Classification | Not For Loan | Non-fiction | Central Library, University of Rajshahi | Central Library, University of Rajshahi | Reading Room | 01/04/1968 | Zeitlinger | 0.00 | 579.593 AIB 1950 | 27/05/2017 | C-1 | Books |